The Marías - No one noticed (Extended English) - Statistics

General Stats
  • This quiz has been taken 34 times
  • The average score is 294 of 330
Answer Stats
Answer % Correct
i
100%
(i
100%
i)
100%
i,
100%
mind
100%
my
100%
a
92%
and
92%
babe
92%
(be
92%
be
92%
being
92%
believe
92%
but
92%
can't
92%
city
92%
come
92%
console
92%
don't
92%
easy
92%
face
92%
fly
92%
get
92%
guess
92%
hold
92%
(i'd
92%
i'd
92%
if
92%
i'll
92%
i'm
92%
it
92%
it's
92%
(it's
92%
kinda
92%
leave
92%
like
92%
lonely)
92%
lonely
92%
lost
92%
make
92%
(make
92%
may
92%
me)
92%
me
92%
mine
92%
mine)
92%
no
92%
not
92%
on
92%
one
92%
plane
92%
read
92%
see
92%
so
92%
that
92%
then
92%
to
92%
trace
92%
tried
92%
true
92%
weren't
92%
wish
92%
without
92%
you
92%
you'd
92%
your
92%
call
83%
(cause
83%
cause
83%
connection)
83%
connection
83%
excited
83%
eyes
83%
getting
83%
maybe
83%
(maybe
83%
need
83%
noticed
83%
over
83%
virtual
83%
all
75%
alone
75%
have
75%
obsession)
75%
obsession
75%
old
75%
our
75%
right
75%
right)
75%
take
75%
(take
75%
time
75%
time)
75%
video
75%
stay
58%
there
58%
wanted
58%
afraid
42%
should've
42%
was
42%
told
33%
No matching quizzes found
Score Distribution
Percent of People with Each Score
Percentile by Number Answered
Your Score History
You have not taken this quiz